| 000 | 00395nam a2200157Ia 4500 | ||
|---|---|---|---|
| 008 | 230312s9999||||xx |||||||||||||| ||und|| | ||
| 020 | _a0-912310-16-2 | ||
| 082 |
_a370.102 _bERN |
||
| 100 | _aKen Ernst | ||
| 245 | 0 | _aGames Students Play | |
| 260 |
_bCelestial Arts Publishing _aCalifornia _c1972 |
||
| 300 | _a127 | ||
| 546 | _aEng. | ||
| 650 |
_aManagement _vRules for all games |
||
| 942 | _cBK | ||
| 999 |
_c1975 _d1975 |
||